000 00296nam a22001457a 4500
008 210519b ||||| |||| 00| 0 eng d
020 _a9780143115052
041 _aeng
080 _a94
082 _a94
100 _a16
101 _aSHH
245 _aReapraisals
_cJudt,T
942 _2udc
_cBK
999 _c57462
_d57462